000 00945nam a2200289Ia 4500
003 OSt
005 20221006160017.0
006 a|||||r|||| 00| 0
007 ta
008 221006b |||||||| |||| 00| 0 eng d
020 _a9780521114653
_c
_37.00
024 _a44,052
037 _bGift, Korean Embassy ( Window on Korea)
_cTextual
040 _aEASL
_cEASL
_beng
041 _2eng
_aeng
082 _aX:9F.495, P9
100 _aKIM Seung-Kyung
_9248795
245 0 _aClass struggle or family struggle?
_b Lives of women factory workers in south korea
260 _aNew York
_bCambridge University Press
_c2009
300 _a236p.
_ccm.
490 _v KEL
650 _a KEL
650 _a Work and family - Korea - South
_9671449
650 _aWomen - Employment - Korea - South
_9671450
942 _hX:9F.495, P9
_cTEXL
_2CC
999 _c1112144
_d1112144